Statistics for Least Guessed NBA Teams on JetPunk

Click here to take the quiz!

General Stats

  • This quiz has been taken 37 times
  • The average score is 4 of 5

Answer Stats

%Team% Correct
66Portland Trail Blazers
79%
63Denver Nuggets
74%
64Milwaukee Bucks
74%
65Detroit Pistons
71%
60Memphis Grizzlies
62%

Score Distribution

Percentile by Number Answered

Percent of People with Each Score

Your Score History

You have not taken this quiz